The Irish women's movement : from revolution to devolution (Record no. 54633)

MARC details
000 -LEADER
fixed length control field 00665nam a2200217Ia 4500
008 - FIXED-LENGTH DATA ELEMENTS--GENERAL INFORMATION
fixed length control field 191130s2002##################000#0#eng##
020 ## - INTERNATIONAL STANDARD BOOK NUMBER
ISBN 9780333771327
082 ## - DEWEY DECIMAL CLASSIFICATION NUMBER
Classification number 305.4209415 CON
100 ## - MAIN ENTRY--AUTHOR NAME
Personal name Connolly, Linda
245 ## - TITLE STATEMENT
Title The Irish women's movement : from revolution to devolution
Statement of responsibility, etc Linda Connolly
260 ## - PUBLICATION, DISTRIBUTION, ETC. (IMPRINT)
Place of publication Basingstoke, Hampshire
Name of publisher Palgrave
Year of publication 2002
300 ## - PHYSICAL DESCRIPTION
Number of Pages xi,308p.:ill;23 c.m
500 ## - GENERAL NOTE
General note Includes bibliographical references and index
650 ## - SUBJECT ADDED ENTRY--TOPICAL TERM
Topical Term Feminism
Topical Term Ireland
Topical Term Women--Social conditions
991 ## -
-- 183650
Holdings
Withdrawn status Lost status Damaged status Not for loan Home library Current library Shelving location Date acquired Full call number Accession Number Price effective from Koha item type
        Anna Centenary Library Anna Centenary Library 3RD FLOOR, B WING 09.10.2020 305.4209415 CON 309176 09.10.2020 English Books
        Anna Centenary Library Anna Centenary Library 3RD FLOOR, B WING 09.10.2020 305.4209415 CON 379348 09.10.2020 Books

Find us on the map